| 000 | 00765nam a22002175a 4500 | ||
|---|---|---|---|
| 005 | 20151124111240.0 | ||
| 008 | 150831r20152014ii a fr 000 0 eng d | ||
| 040 |
_aEG-ScBUE _beng _cEG-ScBUE |
||
| 082 | 0 | 4 |
_222 _a670.42 _bSIN |
| 100 | 1 |
_aSingh, U. K. _938788 |
|
| 245 | 1 | 0 |
_aBasic manufacturing processes : _bas per the new syllabus of GBTU (common to all branches of engineering) / _cU. K. Singh & Manish Dwivedi. |
| 250 | _a3rd ed., Reprint ed. | ||
| 260 |
_aNew Delhi : _bNew Age International (P) Limited, _c2015. |
||
| 300 |
_axiv, 181 p. : _bill. ; _c27 cm. |
||
| 500 | _aReprinted of the 2014 ed. | ||
| 650 |
_2BUEsh _aManufacturing processes |
||
| 651 | _2BUEsh | ||
| 653 |
_bENGGEN _cAugust2015 _cNovember2015 |
||
| 700 | 1 | _aDwivedi, Manish | |
| 942 | _2ddc | ||
| 999 |
_c20790 _d20762 |
||